000 00792nam a22002415i 4500
001 53176
003 ES-MaACL
005 20250704062526.0
007 t|
008 950912s1891 sp ||||1| spa d
040 _aCAM
_bspa
_cCAM
100 1 _aDumas, Alexandre,
_d1802-1870
_eaut
_9241135
245 1 4 _aLos bandidos de la Calabria
_b: ; El cochero de plaza ; D. Martin de Freytas /
_cAlejandro Dumas.
260 _aBarcelona :
_b[s.n.],
_c1891 (
_fTipografía Hispano-Americana)
300 _a185 p. ;
_c15 cm.
490 1 _aBiblioteca del siglo XIX
740 3 _aEl cochero de plaza.
740 0 _aD. Martín de Freytas.
830 0 _aBiblioteca del siglo XIX
_9184061
852 _aES-MaACL
_jL-4895(2-4)
942 _2udc
999 _c53176
_d53176